| 000 | 01578nam0a2200301 4500 | ||
|---|---|---|---|
| 001 | RU\NLR\BIBL_A\011910672 | ||
| 005 | 20190128143120.0 | ||
| 010 |
_a978-5-8231-0840-9 _9300 |
||
| 021 |
_aRU _bКН-П-18-094608 _9КН-П-18-6866 |
||
| 035 | _a(NLR Aleph) 011910672 | ||
| 035 | _a(RuMoRGB)009837390 | ||
| 090 |
_a10934396 _c10934396 |
||
| 100 | _a20190116d2018 u y0rusy50 ca | ||
| 101 | 0 | _aeng | |
| 102 | _aRU | ||
| 105 | _ay|||zzzz||1yy | ||
| 200 | 1 |
_aИностранный язык в профессиональной сфере _eучебное пособие _fС. С. Алешкевич _gАвтономная некоммерческая организация высшего образования "Белгородский университет кооперации, экономики и права" |
|
| 210 |
_aБелгород _cИзд-во Белгородского университета, кооперации, экономики и права _d2018 |
||
| 215 |
_a116 с. _d21 |
||
| 300 | _aНа обороте тит. л. авт.: Алешкевич С. С., к. филол. н., доц. | ||
| 320 | _aБиблиогр.: с. 113-115 (20 назв.) | ||
| 606 | 1 |
_aАнглийский язык _xУчебные издания для таможенных работников _2nlr_sh2 _3RU\NLR\AUTH\661440615 |
|
| 686 | 1 | _aШ143.21-93рус329.4 | |
| 700 | 1 |
_aАлешкевич _bС. С. _gСергей Сергеевич |
|
| 942 | _cBOOK | ||
| 980 | _aNB | ||